000 01152nam a2200313 i 4500
003 DO-SdBNP
005 20260218103243.0
007 ta
008 090904s1980 dr 000 0 spa d
040 _aDO-SdBNP
_bspa
_cBNPHU
_erda
041 _aspa
082 4 _a346.7293
_bR426c 1980
_222
110 1 _aRepública Dominicana
_9447
240 1 0 _a[Código Civil]
245 1 0 _aCódigo civil de la República Dominicana :
_bleyes que lo modifican y lo complementan /
_cedición preparada por, Fabio T. Rodríguez C.
250 _aCuarta edición
264 1 _aSanto Domingo :
_bEditora Taller,
_c1980.
300 _a532 paginas ;
_c23 cm.
336 _atexto
_btxt
_2rdacontent
337 _asin mediación
_bn
_2rdamedia
338 _avolumen
_bnc
_2rdacarrier
500 _aIncluye referencias bibliográficas y notas al pie de las páginas
500 _aCuarta edición preparada por el Dr. Plinio Terrero Peña
590 _aInventariado, 2025/BT
650 4 _aDerecho civil
_zRepública Dominicana
_91058
700 1 _aRodríguez C., Fabio T.,
_eeditor
_919577
_4ed.
910 _aBtavárez/Validado. Control de calidad MFF
942 _2ddc
_cLBS1
999 _c59115
_d59115